| 000 | 01056nam a2200289 i 4500 | ||
|---|---|---|---|
| 001 | 192198 | ||
| 003 | SpMaBN | ||
| 005 | 20250804062651.0 | ||
| 008 | 221113s1984 sp 000 1 spa | ||
| 016 | 7 |
_abimoBNE19920743295 _zIBH8505911979 [ _2SpMaBN] |
|
| 017 |
_aB 41491-1984 _bOficina Depósito Legal Barcelona |
||
| 020 | _a8475308201 | ||
| 035 | _a(OCoLC)434645045 | ||
| 040 |
_aIBH _bspa _cSpMaBN _erdc |
||
| 080 | _a821.134.2-31"19" | ||
| 100 | 1 |
_aGalvarriato, Eulalia, _d1904-1997 _953699 _eaut |
|
| 245 | 1 | 0 |
_aCinco sombras / _cEulalia Galvarriato. |
| 260 |
_a[Esplugues de Llobregat] : _bOrbis : _bDestino, _c[1984] |
||
| 300 |
_a242 páginas ; _c20 cm. |
||
| 490 | 1 |
_aGrandes autores españoles del siglo XX ; _v47 |
|
| 655 | 0 |
_aNovelas _9234319 |
|
| 830 | 0 |
_aGrandes autores españoles del siglo XX ; _v47 _9193561 |
|
| 852 | 4 |
_aES-MaACL _jN-8142 _xEncuadernación: cartoné _bR. 153268 _cDEPOJ _hDonación: Editorial _9199480 |
|
| 942 |
_cMONOGRAFIA _n0 |
||
| 999 |
_c192198 _d192198 |
||